00912cam a2200241 a 450000100100000000500170001000800410002702000150006804000180008308200190010110000430012024500540016326001130021730000200033049000220035065000280037265000300040065000390043083000300046991000340049995201220053399900150065500000514720200929151606.0980108s1996 mx 001 p spa  a9682987652 aDO-SdBNPcDLC aM861.44bG216a1 aGarcía Bergua, Alicia,d1954-91473013aLa anchura de la calle /cAlicia García Bergua. aMéxico, D.F. :bConsejo Nacional para la Cultura y las Artes. Dirección General de Publicaciones,c1996. a62 p. ;c22 cm.1 aPráctica Mortal 4aPoesía mexicana99120 4aLiteratura mexicana91922 4aLiteratura latinoaméricana94717 0aPráctica Mortal.914083 aCatalogación por copia / LC 001052708MOaGRbGRcCTd2009-07-29iLF1l0oM861.44 G216ap5147-10r2020-06-25w2020-06-25y2ZPréstamo interno c4950d4950